| 000 | 00597nam a2200205Ia 4500 | ||
|---|---|---|---|
| 005 | 20250923144654.0 | ||
| 008 | 008 250917s9999 xx 000 0 eng d | ||
| 037 | _aTextual | ||
| 040 |
_aDSWL _beng _cDSWL |
||
| 041 |
_aeng _2eng |
||
| 084 |
_aW87, J9 _qDSWL |
||
| 100 |
_aBondurant, J.V. _9827234 |
||
| 245 | 0 |
_aConquest of violence, the Gandhian philosophy of conflict _cby J.V. Bondurant |
|
| 260 |
_aLondon _b Oxford University Press _c1959 |
||
| 300 | _axiv,265p. | ||
| 365 |
_aINR _b10 |
||
| 925 | _g10 | ||
| 942 |
_cTEXL _hW87, J9 |
||
| 999 |
_c1441881 _d1441881 |
||